Finansirane na naukata i obrazovanieto v krizisni ikonomičeski uslovija.
Správne riešenie otázok financovania vzdelania a vedy je dôležitou podmienkou ekonomickej prosperity v každej krajine. Analýza situácie vo financovaní vzdelávania a vedy v Bulharsku ukazuje na kolaps v obidvoch odvetviach. Náčrt východísk z jestvujúcej situácie a zdôvodnenie nevyhnutnosti vypracovan...
Salvato in:
| Autore principale: | |
|---|---|
| Altri autori: | |
| Natura: | Capitolo di libro |
| Lingua: | bulgaro |
| Soggetti: | |
| Tags: |
Nessun Tag, puoi essere il primo ad aggiungerne!!
|
MARC
| LEADER | 00000naa a2200000 4500 | ||
|---|---|---|---|
| 001 | r009546 | ||
| 005 | 20221125114947.0 | ||
| 041 | 0 | |a bul | |
| 044 | |a BG | ||
| 245 | 1 | 0 | |a Finansirane na naukata i obrazovanieto v krizisni ikonomičeski uslovija. |c P. Dobrev, M. Matev |
| 520 | |a Správne riešenie otázok financovania vzdelania a vedy je dôležitou podmienkou ekonomickej prosperity v každej krajine. Analýza situácie vo financovaní vzdelávania a vedy v Bulharsku ukazuje na kolaps v obidvoch odvetviach. Náčrt východísk z jestvujúcej situácie a zdôvodnenie nevyhnutnosti vypracovania nových kriteriálnych základov pre financovanie uvedených, mimoriadne dôležitých odvetví. | ||
| 610 | 2 | 0 | |a financovanie |
| 610 | 2 | 0 | |a vzdelávanie |
| 610 | 2 | 0 | |a financovanie vedy |
| 610 | 2 | 0 | |a BR |
| 610 | 2 | 0 | |a kríza hospodárska |
| 610 | 2 | 0 | |a školstvo |
| 610 | 2 | 0 | |a veda |
| 100 | 1 | |a Dobrev, P. | |
| 700 | 1 | |a Matev, M. | |